| 000 | 00908cam a22002175a 4500 | ||
|---|---|---|---|
| 001 | L143412 | ||
| 008 | 080506e20051231xxk f 000 0 eng d | ||
| 035 | _a(Sirsi) u143412 | ||
| 041 | 0 | _aeng | |
| 050 | 0 | 4 | _a333.332 $2 18 |
| 110 | 2 |
_aRoyal Institution of Chartered Surveyors _94900 |
|
| 245 | 0 | 0 |
_aUK valuer's guide to the Red Book _bRICS appraisal and valuation standards |
| 260 |
_aCoventry _bRICS Books _c2005 |
||
| 300 |
_a8p. _c21cm. |
||
| 520 | _aSet out in a flow chart format, this brief guide is designed to assist valuers to comply with the standards contained in "RICS appraisal and valuation standards" (fifth edition). The guide is arranged into four sections: preliminary questions; terms of engagement; valuation preparation; and reporting. | ||
| 521 | 2 | _aAdvanced | |
| 590 | _aKA | ||
| 651 | 4 |
_aUnited Kingdom _y |
|
| 690 | _aPROPERTY-PROPERTY APPRAISAL AND VALUATION | ||
| 942 | _n0 | ||
| 999 |
_c108150 _d108150 |
||